Data communications and networks
| Main Author: | Godbole, Achyut S |
|---|---|
| Published: |
New Delhi:
Tata McGraw-Hill Publishing Company Limited,
2004.
|
| Subjects: |
| LEADER | 00532cam a2200157 7i4500 | ||
|---|---|---|---|
| 001 | 0000008045 | ||
| 005 | 20170218090000.0 | ||
| 020 | |a 0070472971 | ||
| 090 | 0 | 0 | |a TK5105 |b .GOD 2004 |
| 100 | 1 | |a Godbole, Achyut S | |
| 245 | 1 | 0 | |a Data communications and networks |c Achyut S. Godbole. |
| 260 | |a New Delhi: |b Tata McGraw-Hill Publishing Company Limited, |c 2004. | ||
| 300 | |a xix,503p.: |b ill.; |c 24cm. | ||
| 500 | |a Includes index | ||
| 650 | 0 | 0 | |a Data transmission systems |
| 997 | |a Communication, Visual Art & Computing, Faculty |b Computing, Department | ||


